000 00498nam a2200145 a 4500
008 120416s1996 ||||||||||||||||| || u
020 _a1557756031
050 _aIMF(08)OP
100 _aKochhar, Kalpana
245 1 0 _aThailand: the road to sustainable growth
260 _aWashington, D.C.
_bIMF
_c1996
300 _av, 42p. : ill.
350 _a0.00
995 _D0.00
_FCBU-MAIN LIBRARY (Kitwe)
_H1
_I0.00
_M1
_UAVAILABLE
_ZInternational Publications
999 _c59709
_d59709